| 000 | 00414nam a2200145Ia 4500 | ||
|---|---|---|---|
| 008 | 211109s9999||||xx |||||||||||||| ||und|| | ||
| 082 |
_a894.81292 _bBAL-C |
||
| 100 | _aBalakrishnan, P K | ||
| 245 | 0 | _aChandu Menon Oru Padanam | |
| 260 |
_bSahithya Pravarthaka... _aKottayam _c1957 |
||
| 300 | _a222p. | ||
| 630 | _xGeneral Stack | ||
| 650 |
_aLITERATURE _vMALAYALAM LITERATURE _xBIOGRAPHYMalayalam |
||
| 942 | _cBOOK | ||
| 999 |
_c72098 _d72098 |
||